Catálogo

EL ESTUDIO DE LAS AUDIENCIAS : (Registro nro. 47649)

Detalles MARC
000 -LEADER
fixed length control field 01121nam a2200217 a 4500
001 - CONTROL NUMBER
control field 47649
005 - DATE AND TIME OF LATEST TRANSACTION
control field 20180714031655.0
008 - FIXED-LENGTH DATA ELEMENTS--GENERAL INFORMATION
fixed length control field 140415s1999 sp 000 0 spa d
020 ## - INTERNATIONAL STANDARD BOOK NUMBER
International Standard Book Number 8449306884
041 ## - LANGUAGE CODE
Language code of text/sound track or separate title spa
082 ## - DEWEY DECIMAL CLASSIFICATION NUMBER
Classification number 302.23
Item number NIG
100 1# - MAIN ENTRY--PERSONAL NAME
Personal name NIGHTINGALE, VIRGINIA
245 13 - TITLE STATEMENT
Title EL ESTUDIO DE LAS AUDIENCIAS :
Remainder of title EL IMPACTO DE LO REAL
250 ## - EDITION STATEMENT
Edition statement 1a ed.
260 ## - PUBLICATION, DISTRIBUTION, ETC.
Place of publication, distribution, etc. ESPAÑA :
Name of publisher, distributor, etc. PAIDOS IBERICA,
Date of publication, distribution, etc. 1999
300 ## - PHYSICAL DESCRIPTION
Extent 159
Dimensions 22 x 13.6 x 1.5
520 ## - SUMMARY, ETC.
Summary, etc. ESTE LIBRO PROPOCIONA UNA REVISIÓN CRÍTICA DE DOS DÉCADAS DE ESTUDIO SOBRE LAS AUDIENCIAS TELEVISIVA. CON EL DESARROLLO DE LOS MÉTODOS DE INVESTIGACIÓN ETNOGRÁFICA, CALIFICADA POR LOS EXPERTOS COMO LA MÁS INTERESANTE ESTA ETAPA DE LAS INDAGACIONES SOBRE LAS AUDIENCIAS, LOS INVESTIGADORES SE CENTRARON POR PRIMERA VES EN LOS ESPECTADORES QUE VEN HABITUALMENTE LA TELEVISIÓN, COMBINANDO ENTREVISTAS Y OBSERVACIÓN PARTICIPANTE CON ANÁLISIS TEXTUALES DE CIERTOS PROGRAMAS.
650 14 - SUBJECT ADDED ENTRY--TOPICAL TERM
Topical term or geographic name entry element MEDIOS DE COMUNICACION DE MASAS
General subdivision INVESTIGACION
700 1# - ADDED ENTRY--PERSONAL NAME
Personal name QUINTANA RAUL
Relator term tr.
740 ## - ADDED ENTRY--UNCONTROLLED RELATED/ANALYTICAL TITLE
Uncontrolled related/analytical title STUDYING AUDIENCIES. THE SHOCK OF THE REAL
Existencias
Withdrawn status Lost status Source of classification or shelving scheme Damaged status Not for loan Collection code Home library Current library Shelving location Date acquired Source of acquisition Inventory number Total Checkouts Full call number Barcode Date last seen Price effective from Koha item type
    Dewey Decimal Classification     General Biblioteca Karol Wojtyla Biblioteca Karol Wojtyla Sala general 03/12/2013 Compra 151000000000000000057572   302.23 NIG 71374 05/01/2026 03/12/2013 Libro